[Event "5th Sinquefield Cup 2017 GCT"]
[Site "Saint Louis"]
[Date "2017.08.02"]
[Round "1"]
[White "Caruana, Fabiano"]
[Black "Carlsen, Magnus"]
[Result "1/2-1/2"]
[WhiteElo "2807"]
[BlackElo "2822"]
[Annotator "TA"]
[PlyCount "85"]
[EventDate "2017.??.??"]
[EventCountry "USA"]
[SourceTitle "playchess.com"]
[Source "ChessBase"]
[SourceQuality "1"]

{[%evp 23,85,14,18,0,18,0,0,0,0,0,2,4,38,18,27,7,22,22,31,6,7,0,0,0,0,0,0,0,0,0,0,-3,0,0,0,0,0,0,0,0,0,0,0,0,0,0,0,0,0,0,0,0,0,0,0,0,0,0,0,0,0,0,0,0]} 1. e4 e5 2. Nf3 Nc6 3. Bb5 a6 4. Ba4 Nf6 5. O-O Be7 6. d3 b5 7. Bb3 d6 8. a4 b4 9. a5 O-O 10. Nbd2 Rb8 11. Re1 Be6 12. Bxe6 {C88: Closed Ruy Lopez: Anti-Marshall Systems} fxe6 {LiveBook: 7 Games} 13. Nb3 (13. c3 bxc3 14. bxc3 Rb5 15. Nf1 Qd7 16. Bg5 Rxa5 17. Rxa5 Nxa5 18. d4 exd4 19. cxd4 {½-½ (60) Vachier Lagrave,M (2791)-Wojtaszek,R (2736) Dortmund 2017}) 13... Qc8 14. Qe2 Nd8 15. d4 exd4 $1 16. Nbxd4 c5 17. Nb3 {[%cal Bd4b3,Bb3d2,Bd2c4][%mdl 32]} e5 $146 ({Predecessor:} 17... Nd7 18. Bg5 Bxg5 19. Nxg5 Ne5 {½-½ (60) Salomon,J (2115)-Urkedal,F (2470) Fagernes 2013}) 18. Nbd2 Ne6 19. Nc4 {With the idea Nb6.} Nd4 20. Nxd4 cxd4 21. Nb6 Qc6 {The position is equal.} 22. Bg5 {Strongly threatening Bxf6.} Bd8 23. Bxf6 Bxb6 24. axb6 {[#] Bh4 is the strong threat.} Rxf6 25. Rxa6 h6 26. Qd3 Rxb6 27. Rea1 Rxa6 28. Rxa6 $11 {[%mdl 4096] Endgame KQR-KQR} Qc5 29. Ra8+ Kh7 30. h3 b3 31. Qxb3 d3 $1 32. cxd3 Qxf2+ 33. Kh2 Qf4+ 34. Kh1 Qc1+ (34... d5 $5 35. Qxd5 Qf1+ 36. Kh2 Qf4+ 37. Kh1 Qf1+ 38. Kh2 Qf4+ 39. Kh1 $11) 35. Kh2 Qf4+ (35... Rf1 $5 36. Qg8+ $8 Kg6 37. Qe6+ Kh7 38. Qg8+ Kg6 39. Qe8+ Kh7 40. Qh8+ (40. Qg8+ Kg6 $11) 40... Kg6 41. Qe8+ Kh7 42. Qh8+ (42. Qg8+ Kg6 $11) 42... Kg6 43. Qe8+ $11) 36. Kh1 Qg3 {[%cal Rf6f1] [#]} 37. Qg8+ Kg6 {[%cal Rf6f1]} 38. Rf8 Qxd3 {White must now prevent ...Qf1+.} 39. Rxf6+ Kxf6 40. Qf8+ Ke6 41. Qe8+ Kf6 42. Qf8+ Ke6 43. Qe8+ {Precision: White = 68%, Black = 84%.} 1/2-1/2

[Event "5th Sinquefield Cup 2017 GCT"]
[Site "Saint Louis"]
[Date "2017.08.02"]
[Round "1"]
[White "Aronian, Levon"]
[Black "Nepomniachtchi, Ian"]
[Result "1-0"]
[WhiteElo "2799"]
[BlackElo "2751"]
[Annotator "TA"]
[PlyCount "57"]
[EventDate "2017.??.??"]
[EventCountry "USA"]
[SourceTitle "playchess.com"]
[Source "ChessBase"]
[SourceQuality "1"]

{[%evp 15,57,30,30,31,4,0,0,4,60,46,49,38,50,44,105,100,106,111,214,218,243,237,241,241,285,284,312,309,303,283,441,414,438,429,469,484,542,541,583,472,583,582,579,575]} 1. Nf3 Nf6 2. c4 c5 3. Nc3 d5 4. cxd5 Nxd5 5. e3 Nxc3 6. bxc3 g6 7. h4 {[%cal Bh2h4,Bh4h5][%mdl 32] A34: Symmetrical English: 2 Nc3, lines with ...d5} Bg7 8. h5 Nc6 {LiveBook: 10 Games} 9. Ba3 $146 {White has an edge.} ({Predecessor:} 9. Rb1 Qc7 10. hxg6 hxg6 11. Rxh8+ Bxh8 12. Qb3 b6 13. Ng5 e6 {½-½ (33) Bauer,C (2632)-Howell,D (2655) Reading 2017}) 9... Qa5 10. Rh4 Bd7 (10... Qxa3 $2 11. Ra4 $18) 11. Qb3 O-O (11... Rb8 $11) 12. hxg6 hxg6 13. Qxb7 Rfd8 $1 14. Qa6 $1 $36 {[%mdl 2048] White is pushing.} Bxc3 ({Black should play} 14... Bf6 $14) 15. Qxa5 $16 Bxa5 16. Bxc5 Be6 (16... f6 $16 {was worth a try.}) 17. Bb5 $18 Ne5 {[#] Threatening ...Nxf3+.} 18. Nd4 $1 (18. Nxe5 Bxd2+ 19. Kf1 Bc3 $16) 18... Rd5 19. Bxe7 Kg7 20. f4 Nd7 {Black hopes to continue with ...Re8.} 21. f5 Bxf5 22. Bc6 Re5 (22... Rxd4 {keeps fighting.} 23. Rxd4 Rh8) 23. Nxf5+ ({Less strong is} 23. Bxa8 Rxe3+ 24. Kd1 Rxe7 $18) 23... gxf5 24. Bg5 {White is clearly winning.} ({Not} 24. Bxa8 Rxe3+ 25. Kd1 Rxe7 $18) 24... Kg6 25. Bf4 ({Weaker is} 25. Bxa8 Kxg5 26. Rd4 Rxe3+ 27. Kf1 Re7 $18) 25... Rd8 26. Bxd7 Rc5 27. Rh6+ Kg7 28. Rd6 Bc7 29. Rc6 {Precision: White = 98%, Black = 36%.} 1-0

[Event "5th Sinquefield Cup 2017 GCT"]
[Site "Saint Louis"]
[Date "2017.08.02"]
[Round "1"]
[White "Vachier-Lagrave, Maxime"]
[Black "So, Wesley"]
[Result "1-0"]
[WhiteElo "2789"]
[BlackElo "2810"]
[Annotator "TA"]
[PlyCount "85"]
[EventDate "2017.??.??"]
[EventCountry "USA"]
[SourceTitle "playchess.com"]
[Source "ChessBase"]
[SourceQuality "1"]

{[%evp 23,85,2,29,8,18,0,27,20,13,13,41,38,60,55,76,83,107,49,51,66,66,56,61,27,28,12,21,20,15,12,14,24,33,12,17,17,39,34,35,18,54,46,91,88,85,92,91,88,93,93,77,89,97,62,75,66,60,0,263,257,300,292,332,334]} 1. e4 e5 2. Nf3 Nc6 3. Bc4 Bc5 4. O-O Nf6 5. d3 O-O 6. a4 d6 7. c3 a6 8. h3 {C54: Giuoco Piano: 4 c3 Nf6, main lines with 5 d4 and 5 d3} h6 9. Nbd2 Ba7 10. Re1 Ne7 11. Bb3 Ng6 12. d4 Re8 {LiveBook: 5 Games} 13. Bc2 {[#]} Bd7 $146 ({Predecessor:} 13... c6 14. Nf1 d5 15. Nxe5 Nxe5 16. dxe5 Nxe4 17. Bxe4 dxe4 18. Qxd8 Rxd8 {½-½ (34) Anand,V (2770)-Aronian,L (2792) Saint Louis 2016}) 14. a5 c6 15. dxe5 dxe5 16. Nc4 Qe7 17. Qd6 Qxd6 18. Nxd6 Re6 19. Rd1 Rb8 20. Kf1 (20. b4 $16) 20... Re7 $14 21. Nc4 Rbe8 22. b3 Be6 23. Nb6 Bxb6 24. axb6 Rd7 25. Be3 Rc8 26. c4 Rxd1+ 27. Rxd1 c5 28. Ne1 Nd7 29. Nd3 f6 30. Ra1 Ne7 31. Ke2 Kf7 32. Kd2 f5 {[#]} 33. f4 $1 exf4 34. Nxf4 g5 35. Nxe6 Kxe6 36. exf5+ Nxf5 37. Bg1 Nd4 38. Re1+ Kf6 $1 39. Rf1+ Ke7 $1 40. Re1+ (40. Be4 $14) 40... Kd8 $2 {[%mdl 8192] [#]} (40... Kf6 $1 $11 {and Black has nothing to worry.}) 41. Be4 $1 $18 {White has a decisive advantage.} Nxb3+ 42. Kc3 Nd4 43. Bh2 {Precision: White = 59%, Black = 66%.} ({Weaker is} 43. Bxb7 Rb8 $14) 1-0

[Event "5th Sinquefield Cup 2017 GCT"]
[Site "Saint Louis"]
[Date "2017.08.02"]
[Round "1"]
[White "Anand, Viswanathan"]
[Black "Nakamura, Hikaru"]
[Result "1/2-1/2"]
[WhiteElo "2783"]
[BlackElo "2792"]
[Annotator "TA"]
[PlyCount "60"]
[EventDate "2017.??.??"]
[EventCountry "USA"]
[SourceTitle "playchess.com"]
[Source "ChessBase"]
[SourceQuality "1"]

{[%evp 14,60,29,6,18,10,11,0,24,21,23,38,44,41,32,10,22,12,18,19,69,72,76,43,38,25,35,33,45,34,37,8,13,-58,-54,-54,-60,-58,-56,-66,-49,-72,-76,-78,0,-58,0,-64,0]} 1. e4 e5 2. Nf3 Nc6 3. Bb5 Nf6 4. d3 Bc5 5. c3 O-O 6. Bg5 {[%cal Bc1g5,Bg5h4,Bh4g3][%mdl 32] C65: Ruy Lopez: Berlin Defence (3...Nf6), unusual lines and 4 0-0 Bc5} (6. O-O Re8 7. Bg5 a6 8. Bc4 Be7 9. a4 d6 10. Nbd2 h6 11. Bh4 Nh5 12. Bxe7 Qxe7 13. Re1 Nf4 {½-½ (39) So,W (2810)-Anand,V (2783) Leon 2017}) (6. O-O Re8 7. Nbd2 a6 8. Ba4 d5 9. Qe2 b5 10. Bb3 d4 11. Bc2 Bb6 12. cxd4 Nxd4 13. Nxd4 Bxd4 {½-½ (39) Anand,V (2770)-Nakamura,H (2787) Leuven 2016}) 6... h6 7. Bh4 Re8 8. Nbd2 {LiveBook: 5 Games. White has an edge.} Be7 9. Bg3 $146 ({Find the theoretical novelty and annotate with similar games:} 9. Nc4 d5 10. Bxc6 bxc6 11. Ncxe5 Bd6 12. Nxc6 Qd7 13. Nfd4 dxe4 {0-1 (26) Inarkiev,E (2591)-Stocek,J (2557) Pardubice 2004}) 9... d6 10. h3 a6 11. Ba4 b5 12. Bc2 Bb7 13. O-O Bf8 14. Nh2 d5 15. exd5 Qxd5 16. Nhf3 Qd7 17. Re1 Bd6 18. Re2 Rad8 19. Qf1 Nh5 20. Bh2 Re7 21. Rae1 Rde8 22. g4 Nf6 23. Ne4 (23. a3 $11) 23... Nxe4 $15 24. dxe4 Qe6 25. Bb3 Qf6 26. Qg2 Na5 27. Bc2 Nc4 28. Bb3 Na5 29. Bc2 $1 Nc4 30. Bb3 $1 Na5 {Precision: White = 54%, Black = 50%.} (30... Bc5 $15) 1/2-1/2

[Event "5th Sinquefield Cup 2017 GCT"]
[Site "Saint Louis"]
[Date "2017.08.02"]
[Round "1"]
[White "Karjakin, Sergey"]
[Black "Svidler, Peter"]
[Result "1-0"]
[WhiteElo "2773"]
[BlackElo "2751"]
[Annotator "TA"]
[PlyCount "77"]
[EventDate "2017.??.??"]
[EventCountry "USA"]
[SourceTitle "playchess.com"]
[Source "ChessBase"]
[SourceQuality "1"]

{[%evp 21,77,22,27,22,23,27,31,0,13,0,0,0,105,80,176,162,152,145,211,208,204,212,217,192,370,384,408,405,440,450,499,494,462,466,467,447,465,462,599,599,553,553,527,444,431,447,425,416,750,680,1581,1642,1710,1623,1585,1072,982,553]} 1. e4 e5 2. Nf3 Nc6 3. Bc4 Bc5 4. c3 Nf6 5. d3 d6 6. O-O a6 7. a4 {C54: Giuoco Piano: 4 c3 Nf6, main lines with 5 d4 and 5 d3} Ba7 8. Re1 O-O 9. h3 Ne7 10. d4 Ng6 11. Nbd2 h6 {LiveBook: 12 Games} 12. Bb3 {[%cal Bc4b3,Bb3c2,Bc2d3,Bd3f1][%mdl 32]} Re8 13. Bc2 b5 {[#]} 14. b4 $146 ({Predecessor:} 14. Nf1 Bd7 {½-½ (34) Grandelius,N (2642)-Hansen,E (2603) Wijk aan Zee 2017}) 14... Bb7 15. Bb2 Qd7 16. c4 {[%cal Bc3c4,Bc4b5][%mdl 32]} exd4 (16... Nh5 $11) 17. cxb5 $16 d3 (17... axb5 $16 {was called for.} 18. Nxd4 bxa4) 18. Bxd3 $18 Nf4 19. Bf1 {[#] Bxf6 is the strong threat.} Nxe4 (19... axb5 $16 20. Bxb5 c6) 20. Nxe4 Bxe4 21. bxa6 Qf5 22. Ra3 c5 $2 (22... Qg6 {is a better defense.} 23. Nh4 Qg5) 23. Nh4 Qe6 24. b5 c4 25. Bd4 Bxd4 26. Qxd4 d5 27. Rg3 {[%csl Gg3][%cal Rd4g7]} g5 28. f3 Nh5 29. Rg4 Nf6 {[#]} 30. Rgxe4 $1 {[%mdl 512]} Nxe4 (30... dxe4 31. Bxc4) 31. fxe4 gxh4 32. Rd1 Qxe4 33. Qxe4 Rxe4 34. Rxd5 {KRR-KRB} c3 (34... Re1 $142 35. Rc5 Rb1 36. Rxc4 Kg7 37. Rxh4 Kg6) 35. Rc5 {White is clearly winning.} Rxa4 36. b6 {[%cal Bb5b6,Bb6b7][%mdl 32]} Kg7 37. b7 Re8 38. Rxc3 Ra1 39. a7 {Precision: White = 82%, Black = 41%.} ({Not} 39. Rc8 Ree1 $11) 1-0

[Event "5th Sinquefield Cup 2017 GCT"]
[Site "Saint Louis"]
[Date "2017.08.03"]
[Round "2"]
[White "Carlsen, Magnus"]
[Black "Karjakin, Sergey"]
[Result "1-0"]
[WhiteElo "2822"]
[BlackElo "2773"]
[Annotator "TA"]
[PlyCount "83"]
[EventDate "2017.??.??"]
[EventCountry "USA"]
[SourceTitle "playchess.com"]
[Source "ChessBase"]
[SourceQuality "1"]

{[%evp 16,83,-5,-6,-8,-20,-9,-27,0,-1,2,15,37,25,36,30,26,26,29,20,23,15,49,48,25,23,14,0,16,17,35,15,30,13,11,16,24,0,26,33,29,17,37,37,25,44,20,29,97,97,97,104,111,107,79,116,216,207,254,240,356,242,362,352,559,553,542,518,603,585]} 1. Nf3 Nf6 2. g3 c5 3. Bg2 Nc6 4. O-O e5 5. e4 (5. c4 d5 6. cxd5 Nxd5 7. Qa4 Nb6 8. Qc2 Be7 9. b3 Be6 10. Bb2 f6 11. d3 Rc8 12. Nbd2 Nd4 13. Qd1 Qd7 14. e3 Nxf3+ 15. Nxf3 {1-0 (46) Caruana,F (2808)-Karjakin,S (2781) Paris 2017}) (5. d3 d5 6. Bg5 Be7 7. Nfd2 Ng8 8. Bxe7 Ngxe7 9. c4 Be6 10. Nc3 O-O 11. a3 Rc8 12. b4 cxb4 13. axb4 Nxb4 14. Rxa7 dxc4 15. Nxc4 Bxc4 16. dxc4 Rxc4 {0-1 (97) Carlsen,M (2840)-Karjakin,S (2785) Doha 2016}) 5... d6 6. d3 {A04: Unusual lines after 1 Nf3 and King's Indian Attack} g6 7. a3 Bg7 8. c3 O-O 9. b4 {LiveBook: 5 Games} a6 10. Nbd2 b5 11. Rb1 $146 ({Find the theoretical novelty and annotate with similar games:} 11. Bb2 Be6 12. Re1 Nd7 13. Nf1 a5 14. Qd2 Nb6 {0-1 (41) Pettersson,K (2328)-Isigkeit,H (2423) ICCF email 2010}) 11... Nd7 {[%cal Bf6d7,Bd7b6,Bb6a4][%mdl 32]} 12. Nb3 cxb4 13. axb4 Nb6 14. Be3 (14. Bg5 $5 {[%cal Rg5d8]} f6 15. Be3 $11) 14... Be6 15. Qd2 Rc8 16. Rfc1 Re8 17. h4 Na4 18. c4 h5 19. Kh2 Bg4 20. cxb5 axb5 21. Na5 Nd4 22. Rxc8 Qxc8 23. Rc1 Qd7 24. Nxd4 exd4 25. Bh6 Bh8 26. Rc6 $36 {[%mdl 2048] Black is under pressure.} (26. f3 $5 {[%cal Rf3g4]} Be6 27. f4 $11) 26... Nc3 (26... Ra8 $5 {[%cal Ra8a5]} 27. Qc1 Nc3 $11) 27. f3 Be6 28. Bf4 Be5 29. Bxe5 dxe5 30. f4 {Threatens to win with f5!} Qe7 31. Rc5 {Hoping for Nc6.} Rc8 (31... exf4 $11 {keeps the balance.} 32. Qxf4 Nd1) 32. Rxc8+ $1 $16 Bxc8 33. Nc6 Qd6 34. Nxe5 Qxb4 {[#]} 35. f5 $1 {[%cal Rf5g6][%mdl 512]} Qd6 {[#]} (35... Qe7 $16 36. Nf3 b4) (35... gxf5 36. Qg5+) 36. Nf3 $1 $18 gxf5 37. Qg5+ Kh7 (37... Kf8 $142) 38. e5 ({But not} 38. Qxh5+ Kg7 $18) 38... Qg6 {[#]} (38... Qe6 $142 39. Nxd4 (39. Qxh5+ Kg7 $16) 39... Qxe5 40. Qxh5+ Kg8 41. Qg5+ Qg7) 39. Qd8 $1 ({Avoid the trap} 39. Nxd4 $2 Qxg5 40. hxg5 b4 $19) 39... Be6 (39... f4 {might work better.} 40. Qxc8 fxg3+ 41. Kh1 Qxd3) 40. Ng5+ {White is clearly winning.} Kg7 41. Qxd4 Na4 42. Nh3 {Precision: White = 73%, Black = 37%.} 1-0

[Event "5th Sinquefield Cup 2017 GCT"]
[Site "Saint Louis"]
[Date "2017.08.03"]
[Round "2"]
[White "Aronian, Levon"]
[Black "Caruana, Fabiano"]
[Result "0-1"]
[WhiteElo "2799"]
[BlackElo "2807"]
[Annotator "TA"]
[PlyCount "220"]
[EventDate "2017.??.??"]
[EventCountry "USA"]
[SourceTitle "playchess.com"]
[Source "ChessBase"]
[SourceQuality "1"]

{[%evp 23,220,0,9,11,23,10,18,0,0,0,6,-14,0,0,-2,-37,-41,-43,-41,-29,-25,-30,-39,-42,-32,-36,-42,-52,-25,-25,-25,-25,-27,-27,-25,-34,-30,-33,-33,-31,-38,-36,-44,-336,-331,-449,-449,-449,-442,-442,-440,-404,-377,-608,-575,-962,-937,-886,-855,-12838,-12839,-12843,-3109,-3102,-2970,-2956,-2956,-2949,-2941,-2941,-2913,-2941,-2941,-12832,-12832,-12830,-12829,-12832,-3450,-3450,-3450,-3450,-3435,-3450,-3450,-3435,-3428,-3428,-3428,-3428,-3420,-3420,-3420,-3406,-3413,-3406,-3399,-3391,-3384,-3384,-3377,-3370,-3109,-3347,-3102,-3229,-3109,-3102,-3102,-12829,-12829,-12826,-12826,-12827,-12827,-12837,-12835,-12814,-3102,-3102,-3102,-3102,-3102,-3102,-3102,-3102,-3102,-3094,-3094,-3087,-3080,-3188,-3208,-3160,-3145,-3123,-3094,-3094,-3087,-3087,-3080,-3072,-3065,-3065,-3076,-3051,-3051,-3043,-3043,-12834,-12835,-12837,-12837,-12838,-12838,-12838,-12835,-12837,-12837,-12837,-12838,-12838,-12835,-12836,-12836,-12838,-12839,-12839,-12839,-12840,-12838,-12841,-12840,-12841,0,-12841,-12842,-12842,-12843,-12845,-12846,-12846,-12839,-12840,-3295,-12844,-12844,-12845,-2312,-12845,-12846,-12850,-29977,-29978,-29978,-29990,-29989,-29989,-29990]} 1. d4 d5 2. Nf3 Nf6 3. c4 dxc4 4. e3 e6 5. Bxc4 c5 6. O-O a6 7. Be2 cxd4 8. exd4 Nc6 9. Nc3 Be7 10. Be3 {[%cal Bc1e3,Be3f4,Bf4g3][%mdl 32]} Ng4 11. Bf4 Nf6 12. Rc1 O-O 13. Na4 {B22: Sicilian: 2 c3} (13. a3 b6 14. Qd3 Bb7 15. Rfd1 b5 16. Ng5 h6 17. Nge4 Na5 18. Nd2 Rc8 19. Qg3 h5 20. Bg5 Nd5 {½-½ (51) Schuller,J (2379)-Szabo,R (2303) ICCF email 2013}) 13... Nd5 14. Bg3 Bd6 15. Bd3 $146 {The position is equal.} ({Predecessor:} 15. Ne5 Nxe5 16. dxe5 Be7 17. Bf3 Bg5 18. Ra1 b5 19. Nc5 Ra7 20. Qb3 Be7 {½-½ (58) Petursson,G (2122)-Baldursson,H (1988) Reykjavik 2014}) 15... Nce7 16. Qb3 b6 17. Be4 Rb8 18. Rfe1 Bb7 19. Nc3 (19. a3 {with more complications.} a5 20. Ne5 g6 21. Nc3 Nxc3 22. Bxb7 Rxb7 23. bxc3 Nf5 24. a4) 19... Nxc3 20. Bxb7 Nxa2 21. Qxa2 Rxb7 22. Qxa6 Rc7 23. b3 Nf5 24. Rxc7 Qxc7 25. Qb5 h6 26. d5 exd5 27. Qxd5 Nxg3 28. hxg3 Rd8 29. Qb5 g6 30. Ne5 Qc5 31. Qxc5 Bxc5 $15 {[%mdl 4096] Endgame KRB-KRN} 32. Kf1 Kg7 33. Ke2 $2 {[%mdl 8192] [#]} ({White should try} 33. Re2 $15) 33... Bb4 $1 $19 {[%cal Rb4e1]} 34. Rc1 Re8 35. f4 f6 36. Rc7+ Kh8 37. Rc6 fxe5 38. Rxb6 $2 {[#]} (38. Rxg6 exf4+ 39. Kf3) 38... exf4+ {KRB-KR} 39. Kf3 Re3+ 40. Kxf4 Bd2 41. Rxg6 Kh7 42. Kf5 Rxb3 (42... Re5+ $142 43. Kxe5 Kxg6) 43. Rd6 Bg5 44. Rd7+ Kg8 45. Kg4 Bf6 46. Kf5 Bg7 47. g4 Rb2 48. g3 Rb5+ 49. Ke4 Bf6 50. Rd3 Rb4+ (50... Kg7 $142 51. Rd5 Rb3) 51. Kf3 Bg5 52. Rd5 Rb3+ 53. Kg2 Kf7 54. Rd6 Ke7 55. Rc6 Rd3 56. Ra6 Rd6 57. Ra3 Ke6 58. Kf3 Ke5 59. Ra5+ Rd5 60. Ra3 Kd4 61. Ra4+ Kd3 62. Ra3+ Kd2 63. Ra1 Rc5 64. Kf2 Rc2 65. Rb1 Bf6 66. Kg2 Ke3+ 67. Kh3 Kf2 68. Rb5 Re2 69. Rb6 Bg5 70. Rb5 Bd2 (70... Re1 $142 71. Rf5+ Kg1) 71. Kh2 Kf1+ 72. Kh1 Re4 73. Rf5+ Ke2 74. Kg2 Rxg4 75. Rf2+ Kd3 76. Rf6 Rd4 77. Rf1 Ke4 78. Rf8 Bg5 79. Rf1 Be3 80. Rf8 Rd2+ 81. Kh3 Bg1 82. Kg4 Ke5 83. Rf5+ Ke6 84. Rf1 Bd4 85. Rh1 Bg7 86. Kf3 Kf5 87. Rh5+ Kg6 88. Rb5 Rd3+ 89. Kf4 Bf8 90. Rb6+ Bd6+ 91. Ke4 Rd1 92. Kf3 Kf5 93. Rb5+ Be5 94. Rb6 h5 95. Rh6 Kg5 96. Re6 Bd6 97. Re8 Rc1 98. Re6 Rd1 99. Re8 $1 Rg1 100. Kf2 Rc1 101. Kf3 Kf5 102. Re3 Bc5 103. Rd3 Ke5 104. Rd2 Rc3+ 105. Kg2 Ke6 106. Kh3 Bd6 107. Kh4 Bxg3+ ({Less strong is} 107... Rc5 108. Re2+ Kf7 109. g4 $15) 108. Kxh5 {Black mates.} Kf5 109. Rd5+ Be5 {[%cal Rc3h3]} 110. Kh4 Rc4+ {Precision: White = 31%, Black = 75%.} 0-1

[Event "5th Sinquefield Cup 2017 GCT"]
[Site "Saint Louis"]
[Date "2017.08.03"]
[Round "2"]
[White "Nakamura, Hikaru"]
[Black "Vachier-Lagrave, Maxime"]
[Result "1/2-1/2"]
[WhiteElo "2792"]
[BlackElo "2789"]
[Annotator "TA"]
[PlyCount "65"]
[EventDate "2017.??.??"]
[EventCountry "USA"]
[SourceTitle "playchess.com"]
[Source "ChessBase"]
[SourceQuality "1"]

{[%evp 20,65,0,0,-7,-16,-6,-13,-2,-12,-2,-12,-16,-8,0,0,0,-6,0,0,0,0,0,0,0,0,0,0,0,0,0,0,0,0,0,0,0,0,5,0,0,0,0,0,0,0,9,9]} 1. e4 c5 2. Nf3 d6 3. d4 cxd4 4. Nxd4 Nf6 5. Nc3 a6 6. h3 e5 7. Nde2 h5 {B90: Sicilian Najdorf: Unusual White 6th moves, 6 Be3 Ng4 and 6 Be3 e5} 8. g3 Nbd7 9. Bg2 b5 10. Nd5 Nxd5 11. Qxd5 {LiveBook: 3 Games. The position is equal.} Qc7 12. Be3 (12. Qxa8 $2 {is the wrong capture.} Nb6 $17) 12... Bb7 13. Qd2 {[#]} Rc8 $146 ({Predecessor:} 13... Nf6 14. Nc3 Rc8 15. O-O {½-½ (32) Navara,D (2730)-Djukic,N (2553) Reykjavik 2015}) 14. Nc3 Nb6 15. Bxb6 Qxb6 16. a4 Be7 17. axb5 axb5 18. h4 O-O 19. O-O Rc4 20. b3 Rc7 21. Nd1 Qd4 22. Qa5 $1 {[%cal Ra5c7]} Qc5 ({Of course not} 22... Rxc2 $6 23. Ne3 $16) 23. Ne3 Ra8 24. Qd2 g6 25. Rxa8+ Bxa8 26. Ra1 Ra7 27. Ra5 Qb6 28. Rxa7 Qxa7 29. Qc3 Qb8 30. Qb4 Bc6 31. c4 Kf8 32. Nd5 Bxd5 33. cxd5 {Precision: White = 63%, Black = 83%.} 1/2-1/2

[Event "5th Sinquefield Cup 2017 GCT"]
[Site "Saint Louis"]
[Date "2017.08.03"]
[Round "2"]
[White "Nepomniachtchi, Ian"]
[Black "So, Wesley"]
[Result "0-1"]
[WhiteElo "2751"]
[BlackElo "2810"]
[Annotator "TA"]
[PlyCount "78"]
[EventDate "2017.??.??"]
[EventCountry "USA"]
[SourceTitle "playchess.com"]
[Source "ChessBase"]
[SourceQuality "1"]

{[%evp 9,78,0,2,6,14,0,15,15,9,8,9,6,23,14,0,-22,-11,-32,0,-10,0,0,1,0,18,-83,-117,-120,-126,-132,-135,-135,-101,-110,-107,-107,-107,-107,-96,-125,-116,-158,-161,-187,-184,-197,-196,-257,-253,-272,-273,-287,-295,-275,-219,-347,-347,-347,-347,-339,-278,-270,-204,-337,-268,-330,-331,-331,-331,-308,-284]} 1. c4 g6 2. Nc3 c5 3. d4 cxd4 4. Qxd4 Nf6 5. Bf4 Nc6 {[%cal Bb8c6,Bc6e5,Be5g4][%mdl 32]} 6. Qd2 {A34: Symmetrical English: 2 Nc3, lines with ...d5} d6 7. e4 Bg7 8. Bd3 $146 {The position is equal.} ({Find the theoretical novelty and annotate with similar games:} 8. Nf3 Bg4 9. Be2 Rc8 10. Rd1 Qa5 11. O-O Bxf3 12. Bxf3 Ne5 13. Bxe5 Qxe5 14. b3 h5 {½-½ (14) Ljubojevic,L (2635)-Sax,G (2580) Tilburg 1989}) 8... Ne5 9. Nge2 Nh5 10. Be3 Ng4 11. Bg5 (11. h3 $5 {[%cal Rh3g4]} Nxe3 12. Qxe3 $11) 11... h6 12. Bh4 (12. Be3 $5) 12... g5 13. Bg3 (13. h3 $5 {[%cal Rh3g4]} Ne5 14. Bg3 $11) 13... Be6 14. h3 Ne5 $36 {[%mdl 2048] Black has the initiative.} 15. Bxe5 Bxe5 16. g3 Qa5 17. f4 (17. Rb1 $11) 17... Bxc3 $1 $17 18. bxc3 Qc7 19. fxg5 hxg5 20. Qxg5 Bxc4 21. Bxc4 Qxc4 22. Qd5 Qxd5 23. exd5 Rc8 24. Rb1 b6 25. Rb3 Nf6 26. Ra3 a5 ({But not} 26... Nxd5 27. Rxa7 Rh5 28. g4 $17) 27. Nf4 Rg8 28. c4 (28. g4 $142) 28... Rxc4 $19 {Threatens to win with ...Rc1+.} 29. Ke2 Ne4 30. g4 {[#]} f5 $1 {[%mdl 512]} 31. Rg1 (31. gxf5 Ng3+) 31... fxg4 32. hxg4 (32. Rxg4 {was the only chance.} Rxg4 33. hxg4) 32... Nc3+ 33. Kd3 Rxf4 34. Rxc3 Rgxg4 {KRR-KRR} 35. Rc8+ Kf7 36. Rb1 (36. Rxg4 $142 Rxg4 37. Rc2) 36... Rd4+ {Black has a decisive advantage.} 37. Ke3 Rxd5 38. Rxb6 Rg2 39. a4 Rg4 {Precision: White = 39%, Black = 71%.} 0-1

[Event "5th Sinquefield Cup 2017 GCT"]
[Site "Saint Louis"]
[Date "2017.08.03"]
[Round "2"]
[White "Svidler, Peter"]
[Black "Anand, Viswanathan"]
[Result "1/2-1/2"]
[WhiteElo "2751"]
[BlackElo "2783"]
[Annotator "TA"]
[PlyCount "61"]
[EventDate "2017.??.??"]
[EventCountry "USA"]
[SourceTitle "playchess.com"]
[Source "ChessBase"]
[SourceQuality "1"]

{[%evp 19,61,17,26,0,-6,-8,-17,-25,0,0,14,23,24,22,22,22,27,18,23,0,0,0,0,0,0,0,19,33,19,0,6,0,0,0,22,6,5,5,12,12,10,8,8,5]} 1. c4 c5 2. Nf3 Nc6 3. Nc3 Nf6 4. e3 e6 5. d4 d5 6. cxd5 exd5 7. Bb5 {[%cal Bf1b5,Bb5a4,Ba4b3][%mdl 32]} cxd4 8. Nxd4 Bd7 9. O-O Bd6 {D32: Tarrasch Defence: Sidelines and lines without g3} 10. Nf3 (10. Be2 O-O 11. Ndb5 Bf5 12. Nxd6 Qxd6 13. Nb5 Qe5 14. Nd4 Nxd4 15. exd4 Qd6 16. Qb3 Rfe8 17. Be3 {½-½ (40) Jakovenko,D (2742)-Dominguez Perez,L (2729) Sochi 2015}) 10... a6 {LiveBook: 6 Games} 11. Ba4 (11. Bxc6 $5 Bxc6 12. b3 $11) 11... Be6 12. Ne2 O-O 13. Nf4 Bxf4 $146 ({Predecessor:} 13... Bf5 14. Nd4 Nxd4 15. Qxd4 Rc8 16. Bb3 Bc5 17. Qe5 {½-½ (36) Paehtz,T (2380)-Berg,K (2295) Jelenia Gora 1980}) 14. exf4 b5 15. Bb3 Bg4 16. h3 Bxf3 17. Qxf3 Nd4 18. Qd3 Nxb3 19. axb3 d4 20. Bd2 Re8 21. Rfd1 Qd5 22. Ba5 h6 23. Qxd4 Qxb3 24. f5 {The position is equal.} (24. Ra3 {with more complications.} Qc2 25. Rg3 Kh7 26. Bc3 Qf5 27. Qd3) 24... Re4 25. Qc3 Qxc3 26. Bxc3 b4 27. Be1 a5 28. f3 Re2 {[#]} 29. Bxb4 $1 {[%mdl 512]} Rxb2 (29... axb4 30. Rxa8+) 30. Bxa5 Rb5 31. Rd8+ {Precision: White = 61%, Black = 69%.} (31. Bd2 $5 {[%cal Ra1a8]} Rxa1 32. Rxa1 $14) 1/2-1/2